Ulička tajných vášní. Skandální lady Constance /

Uloženo v:
Série:Ulička tajných vášní, část 2
Hlavní autor: Peckham, Scarlett (Autor)
Další autoři: Tobiášová, Soňa (Autor)
Médium: Kniha
Jazyk:Czech
Vydáno: Frýdek-Místek : Alpress, 2026
Vydání:Vydání první
Edice:Klokan (Alpress)
Témata:
Celkem bylo vypůjčeno:0x
Příbuzné jednotky:Z cyklu:: Ulička tajných vášní
Tagy:
Žádné tagy
LEADER 01773nam a2200481 i 4500
001 106432
003 CZ PrNK
005 20260602080823.0
007 ta
008 260320s2026 xr g 000 f cze
015 |a cnb003746639 
020 |a 9788076956766  |q (brožováno) 
040 |a BOA001  |b cze  |d ABA001  |e rda 
041 1 |a cze  |h eng 
072 7 |a 821.111(73)-3  |x Americká próza  |2 Konspekt  |9 25 
080 |a 821.111(73)-31  |2 MRF 
080 |a (0:82-311.6)  |2 MRF 
080 |a (0:82-312.5)  |2 MRF 
100 1 |a Peckham, Scarlett  |7 mzk20251278377  |4 aut  |9 117394 
240 1 0 |a Earl I ruined.  |l Česky 
245 1 0 |a Ulička tajných vášní.  |p Skandální lady Constance /  |c Scarlett Peckham ; z anglického originálu The earl I ruined ... přeložila Soňa Tobiášová 
246 3 0 |a Skandální lady Constance 
250 |a Vydání první 
264 1 |a Frýdek-Místek :  |b Alpress,  |c 2026 
300 |a 253 stran ;  |c 20 cm 
336 |a text  |b txt  |2 rdacontent 
337 |a bez média  |b n  |2 rdamedia 
338 |a svazek  |b nc  |2 rdacarrier 
490 1 |a Klokan 
655 7 |a americké romány  |7 fd131796  |2 czenas  |9 53403 
655 7 |a historické romány  |7 fd132414  |2 czenas  |9 53624 
655 7 |a milostné romány  |7 fd132840  |2 czenas  |9 53718 
655 9 |a American fiction  |2 eczenas 
655 9 |a historical novels  |2 eczenas 
655 9 |a love novels  |2 eczenas 
700 1 |a Tobiášová, Soňa  |7 ola2004212042  |4 trl  |9 21840 
710 2 |a Alpress (nakladatelství)  |7 xx0213868  |4 pbl  |9 117194 
787 0 8 |i Z cyklu:  |t Ulička tajných vášní  |g 2 
830 0 |a Klokan (Alpress) 
910 |a UOG502 
942 |2 ddc  |c KN 
999 |d 106432 
993 |0 0  |1 421180107146  |2 ddc  |4 0  |7 0  |9 99853  |b 0  |c 107146  |d 2026-06-02  |e 0  |f DOSP  |h 329.00  |i Koupě  |l DOSP  |r 2026-06-02  |t 6  |w 2026-06-02  |y KN  |z BELET  |n